Регулирование спектра нейтронов при выгорании топлива; Физико-технические проблемы в науке, промышленности и медицине

Chi tiết về thư mục
Parent link:Физико-технические проблемы в науке, промышленности и медицине.— 2016.— [С. 47-48]
Tác giả chính: Невоструев Н. А.
Tác giả của công ty: Национальный исследовательский Томский политехнический университет (ТПУ) Физико-технический институт (ФТИ) Кафедра физико-энергетических установок (№ 21) (ФЭУ)
Tác giả khác: Чертков Ю. Б. Юрий Борисович
Tóm tắt:Заглавие с экрана
Ngôn ngữ:Tiếng Nga
Được phát hành: 2016
Loạt:Физико-энергетические и электрофизические установки
Những chủ đề:
Truy cập trực tuyến:http://earchive.tpu.ru/handle/11683/31179
Định dạng: MixedMaterials Điện tử Chương của sách
KOHA link:https://koha.lib.tpu.ru/cgi-bin/koha/opac-detail.pl?biblionumber=619143

MARC

LEADER 00000naa2a2200000 4500
001 619143
005 20231228113509.0
035 |a (RuTPU)RU\TPU\conf\17547 
035 |a RU\TPU\conf\17539 
090 |a 619143 
100 |a 20160810d2016 k y0rusy50 ca 
101 0 |a rus 
102 |a RU 
105 |a y z 101zy 
135 |a drgn ---uucaa 
181 0 |a i  
182 0 |a b 
200 1 |a Регулирование спектра нейтронов при выгорании топлива  |f Н. А. Невоструев, Ю. Б. Чертков 
203 |a Текст  |c электронный 
225 1 |a Физико-энергетические и электрофизические установки 
300 |a Заглавие с экрана 
320 |a [Библиогр.: с. 48 (1 назв.)] 
463 0 |0 (RuTPU)RU\TPU\conf\17455  |t Физико-технические проблемы в науке, промышленности и медицине  |o сборник тезисов докладов VIII Международной научно-практической конференции, г. Томск, 1-3 июня 2016 г.  |f Национальный исследовательский Томский политехнический университет (ТПУ) ; под ред. О. Ю. Долматова [и др.]  |v [С. 47-48]  |d 2016 
610 1 |a труды учёных ТПУ 
610 1 |a электронный ресурс 
610 1 |a регулирование 
610 1 |a спектры 
610 1 |a нейтроны 
610 1 |a выгорание 
610 1 |a топлива 
610 1 |a ядерная энергетика 
610 1 |a ядерные реакторы 
700 1 |a Невоструев  |b Н. А. 
701 1 |a Чертков  |b Ю. Б.  |c физик  |c доцент Томского политехнического университета, кандидат физико-математических наук  |f 1948-  |g Юрий Борисович  |3 (RuTPU)RU\TPU\pers\26469  |9 12172 
712 0 2 |a Национальный исследовательский Томский политехнический университет (ТПУ)  |b Физико-технический институт (ФТИ)  |b Кафедра физико-энергетических установок (№ 21) (ФЭУ)  |3 (RuTPU)RU\TPU\col\18730 
801 2 |a RU  |b 63413507  |c 20160826  |g RCR 
856 4 |u http://earchive.tpu.ru/handle/11683/31179 
942 |c BK